LDR 02462namaa2200457 i 4500 001 000000178077 003 CaOOAMICUS 005 20260421114848.0 007 tu 008 250923s20252026it 000 u ita r 020 $a979-12-218-1747-8*(v.1) 020 $a979-12-218-2267-0*(v.2) 020 $a979-12-218-2502-2*(v.3) 040 $aPUL$bita$erda 082 0 $a270.82 245 10$aRapporti tra papa Pio IX e il patriarca Caldeo Giuseppe Audo :$bautonomia del patriarcato, giurisdizione sulla Chiesa malabarese in India e infallibilità del Papa / $ca cura di Paul Pallath ; Josy Scariah Vattothu. 264 1$aRoma :$bAracne,$c[2025]- 264 4$c©2025,©2026. 300 $a3 volumi ;$c24 cm 336 $atesto$btxt$2rdacontent 337 $asenza mediazione$bn$2rdamedia 338 $avolume$bnc$2rdacarrier 504 $aBibliografia in nota a piè pagina. 505 00$aVol. 1: Dal 1848 al 1865 -- Vol. 2 : Dal 1866 al 1874 -- Vol. 3 : Dal 1875 al 1878. 600 04$aPius PP.$bIX,$cb.,$d1792-1878$xLettere.$0(OLS)http://pul/subject/1883 610 24$aChiesa siro-malabarese.$0(OLS)http://pul/subject/44987 700 1 $aScariah Vattothu, Josy,$ecuratore.$0(OLS)http://pul/name/114592 700 1 $aPallath, Paul,$csacerdote,$d1959-,$ecuratore.$0(OLS)http://pul/name/34734 850 $aPUL 852 $aPUL$W1$xSL Religione 3$y85$m270. 82 PALPA 1.1$j201990$av.1$qDDC 21$B207083$CPULBib$Z2$F207083 $H138159 $82 852 $aPUL$W1$xSL Religione 3$y85$m270. 82 PALPA 1.2$j202451$qDDC 21$q$av.2$B207862$CPULBib$Z2$F207862 $H138548 $82 852 $aPUL$W1$xSL Religione 3$y85$m270. 82 PALPA 1.3$j202452$qDDC 21$q$av.3$B207863$CPULBib$Z2$F207863 $H138549 $82 941 1 $a9 996 $6020$a979-12-218-1747-8*(v.1)$9(OLS)http://pul/number/170593 996 $6020$a979-12-218-2267-0*(v.2)$9(OLS)http://pul/number/170938 996 $6020$a979-12-218-2502-2*(v.3)$9(OLS)http://pul/number/170939 996 $6082$a270.82$9(OLS)http://pul/classification/2732 996 $6245$aRapporti tra papa Pio IX e il patriarca Caldeo Giuseppe Audo :$bautonomia del patriarcato, giurisdizione sulla Chiesa malabarese in India e infallibilità del Papa / $9(OLS)http://pul/title/219633 996 $6264$a[S.l.] :$b[s.n.]$9(OLS)http://pul/publisher/0 996 $6264$aRoma :$bAracne$9(OLS)http://pul/publisher/62189